| 000 | 00836nas a2200277 4500 | ||
|---|---|---|---|
| 001 | BR9201339 | ||
| 003 | BR-BrBNA | ||
| 005 | 20231205092404.0 | ||
| 007 | ta | ||
| 008 | 230509b bl.|||p| |||| 00| 00por d | ||
| 040 |
_aBR-BrBNA _bpor _cBiblioteca Nacional de Agricultura |
||
| 041 | _a(Pt) | ||
| 072 | _aS01 | ||
| 100 | 1 | _aAntunes, L.A.F. | |
| 100 | 1 | _aYabu, M.C. | |
| 100 | 1 | _aScholz, M.B.S. | |
| 100 | 1 | _aRapacci, M. | |
| 245 | 1 | _aVariacoes fisico-quimicas e sensoriais em misturas de leites bovino e bubalino | |
| 650 | _aLEITE | ||
| 650 | _aVACA LEITEIRA | ||
| 650 | _aBUFALO | ||
| 650 | _aCOMERCIALIZACAO | ||
| 773 | 0 |
_tRevista do Instituto de Laticinios Candido Tostes (Brazil) _xISSN 0100-3674 _g(Sep-Oct 1988), v. 43(259) p. 20-22 _wBR9201339 |
|
| 909 |
_a202311 _bLúcia _c55 _dLúcia Elande |
||
| 942 |
_2AGRIS _n0 _cANA |
||
| 999 |
_c131364 _d131364 |
||